<?xml version="1.0" encoding="UTF-8"?>
<record
    xmlns:xsi="http://www.w3.org/2001/XMLSchema-instance"
    xsi:schemaLocation="http://www.loc.gov/MARC21/slim http://www.loc.gov/standards/marcxml/schema/MARC21slim.xsd"
    xmlns="http://www.loc.gov/MARC21/slim">

  <leader>01027caa a22002297a 4500</leader>
  <controlfield tag="003">BI-BuBU</controlfield>
  <controlfield tag="008">140314s2007    bd ||||| |||| 00| 0 fre d</controlfield>
  <datafield tag="039" ind1=" " ind2=" ">
    <subfield code="a">20140318102251.0</subfield>
    <subfield code="b">Verhasselt</subfield>
  </datafield>
  <datafield tag="040" ind1=" " ind2=" ">
    <subfield code="a">BI-BuBU</subfield>
    <subfield code="b">fre</subfield>
    <subfield code="c">BI-BuBU</subfield>
  </datafield>
  <datafield tag="080" ind1="0" ind2=" ">
    <subfield code="a">R.392.5</subfield>
  </datafield>
  <datafield tag="100" ind1="1" ind2=" ">
    <subfield code="4">aut</subfield>
    <subfield code="a">Ruronona, J&#xE9;r&#xE9;mie</subfield>
  </datafield>
  <datafield tag="245" ind1="1" ind2="2">
    <subfield code="a">L'Image du mari dans l'imaginaire des Barundi : Analyse th&#xE9;matiques : enqu&#xEA;te men&#xE9;e en Commune Mugongo-Manga</subfield>
    <subfield code="c">J&#xE9;r&#xE9;mie Ruronona</subfield>
  </datafield>
  <datafield tag="260" ind1=" " ind2=" ">
    <subfield code="a">Bujumbura</subfield>
    <subfield code="b">Universit&#xE9; du Burundi, Facult&#xE9; des lettres et sciences humaines, D&#xE9;partement des langues et litt&#xE9;ratures africaines</subfield>
    <subfield code="c">2007</subfield>
  </datafield>
  <datafield tag="300" ind1=" " ind2=" ">
    <subfield code="a">-VIII-90 f.</subfield>
    <subfield code="c">30 cm</subfield>
  </datafield>
  <datafield tag="502" ind1=" " ind2=" ">
    <subfield code="a">M&#xE9;moire pr&#xE9;sent&#xE9; et soutenu publiquement en vue de l'obtention du grade de licenci&#xE9; en langue et litt&#xE9;ratures africaines</subfield>
  </datafield>
  <datafield tag="650" ind1=" " ind2="7">
    <subfield code="a">Mari (Image) Burundi</subfield>
  </datafield>
  <datafield tag="650" ind1=" " ind2="7">
    <subfield code="a">Mari (Image) Mugongo Manga (Commune)</subfield>
  </datafield>
  <datafield tag="650" ind1=" " ind2="7">
    <subfield code="a">CUD. DataWinIsis. Verhasselt</subfield>
  </datafield>
  <datafield tag="942" ind1=" " ind2=" ">
    <subfield code="c">MEM</subfield>
  </datafield>
  <datafield tag="999" ind1=" " ind2=" ">
    <subfield code="c">23218</subfield>
    <subfield code="d">23218</subfield>
  </datafield>
  <datafield tag="952" ind1=" " ind2=" ">
    <subfield code="0">0</subfield>
    <subfield code="1">0</subfield>
    <subfield code="2">udc</subfield>
    <subfield code="4">0</subfield>
    <subfield code="7">1</subfield>
    <subfield code="9">35610</subfield>
    <subfield code="a">BC</subfield>
    <subfield code="b">BC</subfield>
    <subfield code="d">2014-03-25</subfield>
    <subfield code="e">Don de l'auteur</subfield>
    <subfield code="l">0</subfield>
    <subfield code="o">R.392.5.RUR.</subfield>
    <subfield code="p">5010000720964</subfield>
    <subfield code="r">2014-03-25</subfield>
    <subfield code="t">1</subfield>
    <subfield code="w">2014-03-25</subfield>
    <subfield code="y">MEM</subfield>
    <subfield code="i">202585</subfield>
  </datafield>
</record>
